000 00520nam a2200205Ia 4500
008 170918s9999 xx 000 0 und d
020 _a9780516249988
050 _bH994 2006
100 _aHyde, Judith Jensen
245 _aRainy-day music /
245 _cJudith Jensen Hyde ; illustrated by Jason Abbott.
260 _aNew York :
260 _bScholastic,
260 _c2006
300 _a31 pages :
300 _bcolored illustration ;
300 _c18cm.
440 _aA rookie reader.
500 _a210
999 _c341112
_d341112